[Event "Team Championship (women rapid)"]
[Site "Sochi"]
[Date "2017.10.04"]
[Round "6.8"]
[White "Nur-Mukhametova, Alisa"]
[Black "Styazhkina, Anna"]
[Result "0-1"]
[LiveChessVersion "1.4.8"]
[BlackElo "2225"]
[WhiteElo "1683"]

1. e4 {[%clk 0:15:18]} e5 {[%clk 0:15:19]} 2. Nf3 {[%clk 0:15:26]} Nc6
{[%clk 0:15:27]} 3. Bb5 {[%clk 0:15:33]} a6 {[%clk 0:15:35]} 4. Ba4
{[%clk 0:15:41]} Nf6 {[%clk 0:15:44]} 5. O-O {[%clk 0:15:49]} Bc5
{[%clk 0:15:34]} 6. Re1 {[%clk 0:15:49]} b5 {[%clk 0:15:39]} 7. Bb3
{[%clk 0:15:58]} d6 {[%clk 0:15:47]} 8. c3 {[%clk 0:16:03]} Bg4 {[%clk 0:13:33]}
9. h3 {[%clk 0:16:00]} Bh5 {[%clk 0:13:42]} 10. d3 {[%clk 0:15:56]} h6
{[%clk 0:11:48]} 11. Nbd2 {[%clk 0:15:46]} O-O {[%clk 0:09:24]} 12. Nf1
{[%clk 0:15:30]} Bb6 {[%clk 0:05:36]} 13. Ng3 {[%clk 0:15:38]} Bg6
{[%clk 0:05:45]} 14. a4 {[%clk 0:14:49]} Rb8 {[%clk 0:05:46]} 15. axb5
{[%clk 0:14:55]} axb5 {[%clk 0:05:55]} 16. d4 {[%clk 0:14:28]} exd4
{[%clk 0:04:25]} 17. cxd4 {[%clk 0:14:36]} Re8 {[%clk 0:04:34]} 18. Bc2
{[%clk 0:14:36]} Nh5 {[%clk 0:03:45]} 19. Nf1 {[%clk 0:14:06]} Qf6
{[%clk 0:03:06]} 20. d5 {[%clk 0:10:10]} Ne5 {[%clk 0:03:02]} 21. Nxe5
{[%clk 0:10:07]} Qxf2+ {[%clk 0:03:05]} 0-1

[Event "Team Championship (women rapid)"]
[Site "Sochi"]
[Date "2017.10.04"]
[Round "6.9"]
[White "Pogonina, Natalija"]
[Black "Ambartsumova, Karina"]
[Result "1-0"]
[LiveChessVersion "1.4.8"]
[BlackElo "2339"]
[WhiteElo "2447"]

1. d4 {[%clk 0:15:18]} Nf6 {[%clk 0:15:14]} 2. Nf3 {[%clk 0:15:26]} g6
{[%clk 0:14:45]} 3. Nbd2 {[%clk 0:15:32]} Bg7 {[%clk 0:13:18]} 4. e4
{[%clk 0:15:40]} d6 {[%clk 0:13:26]} 5. Bd3 {[%clk 0:15:42]} O-O {[%clk 0:13:29]}
6. O-O {[%clk 0:15:49]} Nbd7 {[%clk 0:12:00]} 7. Re1 {[%clk 0:15:55]} e5
{[%clk 0:11:19]} 8. dxe5 {[%clk 0:16:03]} Nxe5 {[%clk 0:11:20]} 9. Nxe5
{[%clk 0:16:11]} dxe5 {[%clk 0:11:28]} 10. Nc4 {[%clk 0:16:17]} Qe7
{[%clk 0:10:54]} 11. a4 {[%clk 0:16:24]} a5 {[%clk 0:08:52]} 12. b3
{[%clk 0:16:26]} Rd8 {[%clk 0:09:01]} 13. Ba3 {[%clk 0:15:11]} Qe8
{[%clk 0:07:45]} 14. Bb2 {[%clk 0:14:09]} Nd7 {[%clk 0:06:48]} 15. Qf3
{[%clk 0:13:14]} Nc5 {[%clk 0:05:26]} 16. Bf1 {[%clk 0:13:17]} f6
{[%clk 0:05:23]} 17. Rad1 {[%clk 0:10:53]} Be6 {[%clk 0:04:55]} 18. Rxd8
{[%clk 0:10:50]} Qxd8 {[%clk 0:05:04]} 19. Rd1 {[%clk 0:10:47]} Qe8
{[%clk 0:04:42]} 20. Ne3 {[%clk 0:08:18]} Rd8 {[%clk 0:03:51]} 21. Nd5
{[%clk 0:08:22]} Bxd5 {[%clk 0:03:36]} 22. exd5 {[%clk 0:08:01]} f5
{[%clk 0:03:02]} 23. Qe3 {[%clk 0:07:44]} b6 {[%clk 0:02:58]} 24. Bc4
{[%clk 0:07:30]} Kh8 {[%clk 0:01:16]} 25. Re1 {[%clk 0:06:58]} Nd7
{[%clk 0:00:56]} 26. Bb5 {[%clk 0:06:01]} e4 {[%clk 0:00:43]} 27. Bxg7+
{[%clk 0:05:38]} Kxg7 {[%clk 0:00:52]} 28. f3 {[%clk 0:05:29]} Qe5
{[%clk 0:00:41]} 29. fxe4 {[%clk 0:05:03]} f4 {[%clk 0:00:46]} 30. Qf3
{[%clk 0:03:24]} Nf6 {[%clk 0:00:54]} 31. Bc6 {[%clk 0:02:42]} g5
{[%clk 0:00:40]} 32. g3 {[%clk 0:02:45]} fxg3 {[%clk 0:00:23]} 33. Qxg3
{[%clk 0:02:47]} Qd4+ {[%clk 0:00:19]} 34. Kh1 {[%clk 0:01:35]} Qd2
{[%clk 0:00:25]} 35. Rg1 {[%clk 0:01:00]} Nxe4 {[%clk 0:00:29]} 36. Qe5+
{[%clk 0:01:06]} Nf6 {[%clk 0:00:29]} 37. Rxg5+ {[%clk 0:01:08]} Kf7
{[%clk 0:00:23]} 38. Qe6+ {[%clk 0:01:14]} 1-0

[Event "Team Championship (women rapid)"]
[Site "Sochi"]
[Date "2017.10.04"]
[Round "6.10"]
[White "Nebolsina, Vera"]
[Black "Girya, Olga"]
[Result "0-1"]
[LiveChessVersion "1.4.8"]
[BlackElo "2405"]
[WhiteElo "2236"]

1. e4 {[%clk 0:15:12]} c6 {[%clk 0:15:19]} 2. d4 {[%clk 0:15:20]} d5
{[%clk 0:15:29]} 3. exd5 {[%clk 0:15:27]} cxd5 {[%clk 0:15:37]} 4. Bd3
{[%clk 0:15:33]} Nf6 {[%clk 0:15:41]} 5. c3 {[%clk 0:15:27]} Bg4 {[%clk 0:15:33]}
6. Ne2 {[%clk 0:14:28]} Nc6 {[%clk 0:15:38]} 7. O-O {[%clk 0:14:16]} e6
{[%clk 0:15:34]} 8. Qe1 {[%clk 0:14:06]} Bd6 {[%clk 0:11:49]} 9. Ng3
{[%clk 0:12:31]} O-O {[%clk 0:08:25]} 10. f3 {[%clk 0:10:13]} Bh5
{[%clk 0:07:56]} 11. Nxh5 {[%clk 0:09:31]} Nxh5 {[%clk 0:08:03]} 12. f4
{[%clk 0:09:35]} Nf6 {[%clk 0:06:10]} 13. Nd2 {[%clk 0:09:15]} Qc7
{[%clk 0:05:54]} 14. Qh4 {[%clk 0:09:02]} Ne7 {[%clk 0:05:20]} 15. Nf3
{[%clk 0:08:30]} Ng6 {[%clk 0:02:01]} 16. Bxg6 {[%clk 0:08:31]} fxg6
{[%clk 0:02:10]} 17. Ng5 {[%clk 0:06:47]} Rae8 {[%clk 0:02:19]} 18. Re1
{[%clk 0:05:25]} Qd7 {[%clk 0:02:14]} 19. Qh3 {[%clk 0:05:29]} h6
{[%clk 0:02:16]} 20. Nxe6 {[%clk 0:04:36]} Rf7 {[%clk 0:02:19]} 21. Bd2
{[%clk 0:04:18]} b6 {[%clk 0:00:42]} 22. Re2 {[%clk 0:02:06]} Ne4
{[%clk 0:00:50]} 23. Rxe4 {[%clk 0:02:14]} dxe4 {[%clk 0:00:59]} 24. d5
{[%clk 0:02:23]} Qb5 {[%clk 0:01:00]} 25. c4 {[%clk 0:01:41]} Qxc4
{[%clk 0:01:02]} 26. Bc3 {[%clk 0:01:35]} Qxd5 {[%clk 0:01:02]} 27. Nxg7
{[%clk 0:01:34]} Rxg7 {[%clk 0:00:56]} 28. Qxh6 {[%clk 0:01:42]} Bc5+
{[%clk 0:00:49]} 29. Kh1 {[%clk 0:01:51]} Qf7 {[%clk 0:00:23]} 30. Bxg7
{[%clk 0:01:52]} Qxg7 {[%clk 0:00:32]} 31. Qg5 {[%clk 0:02:00]} e3
{[%clk 0:00:37]} 32. Re1 {[%clk 0:02:02]} Qf7 {[%clk 0:00:33]} 33. Re2
{[%clk 0:02:04]} Qf5 {[%clk 0:00:32]} 34. Qh6 {[%clk 0:01:56]} Qb1+
{[%clk 0:00:38]} 0-1

[Event "Team Championship (women rapid)"]
[Site "Sochi"]
[Date "2017.10.04"]
[Round "6.11"]
[White "Nechaeva, Marina"]
[Black "Shafigullina, Zarina"]
[Result "1-0"]
[LiveChessVersion "1.4.8"]
[BlackElo "2080"]
[WhiteElo "2407"]

1. d4 {[%clk 0:15:19]} Nf6 {[%clk 0:15:19]} 2. c4 {[%clk 0:15:28]} e6
{[%clk 0:15:28]} 3. Nc3 {[%clk 0:15:37]} Bb4 {[%clk 0:15:37]} 4. Nf3
{[%clk 0:15:45]} O-O {[%clk 0:15:30]} 5. Bg5 {[%clk 0:15:52]} d5 {[%clk 0:15:32]}
6. e3 {[%clk 0:15:32]} Nbd7 {[%clk 0:15:39]} 7. cxd5 {[%clk 0:15:38]} exd5
{[%clk 0:15:48]} 8. Bd3 {[%clk 0:15:44]} c6 {[%clk 0:15:50]} 9. O-O
{[%clk 0:15:48]} Qa5 {[%clk 0:14:38]} 10. Qc2 {[%clk 0:15:43]} Re8
{[%clk 0:13:58]} 11. Bf4 {[%clk 0:15:25]} Bxc3 {[%clk 0:12:02]} 12. bxc3
{[%clk 0:15:33]} Ne4 {[%clk 0:12:11]} 13. c4 {[%clk 0:15:15]} Ndf6
{[%clk 0:12:14]} 14. cxd5 {[%clk 0:12:50]} cxd5 {[%clk 0:11:39]} 15. h3
{[%clk 0:10:22]} Bd7 {[%clk 0:09:59]} 16. Qb2 {[%clk 0:10:24]} Qc3
{[%clk 0:08:38]} 17. Qxc3 {[%clk 0:10:24]} Nxc3 {[%clk 0:08:47]} 18. Rfc1
{[%clk 0:10:30]} Rac8 {[%clk 0:08:51]} 19. Nd2 {[%clk 0:08:54]} Nfe4
{[%clk 0:08:05]} 20. Nb3 {[%clk 0:08:13]} Bb5 {[%clk 0:08:11]} 21. Bxb5
{[%clk 0:08:10]} Nxb5 {[%clk 0:08:19]} 22. f3 {[%clk 0:07:59]} Nf6
{[%clk 0:06:41]} 23. Kf2 {[%clk 0:06:07]} Na3 {[%clk 0:06:33]} 24. Nc5
{[%clk 0:04:52]} b6 {[%clk 0:05:41]} 25. Nd3 {[%clk 0:03:38]} Nd7
{[%clk 0:05:31]} 26. g4 {[%clk 0:03:18]} a5 {[%clk 0:04:49]} 27. Rxc8
{[%clk 0:01:14]} Rxc8 {[%clk 0:04:58]} 28. Rc1 {[%clk 0:01:22]} Rc4
{[%clk 0:01:37]} 29. Ke2 {[%clk 0:01:30]} f6 {[%clk 0:01:30]} 30. Bd6
{[%clk 0:00:44]} Nb5 {[%clk 0:01:38]} 31. Bg3 {[%clk 0:00:30]} Nc3+
{[%clk 0:01:36]} 32. Kd2 {[%clk 0:00:38]} Nxa2 {[%clk 0:01:45]} 33. Ra1
{[%clk 0:00:23]} Nb4 {[%clk 0:00:45]} 34. Ne1 {[%clk 0:00:21]} g6
{[%clk 0:00:38]} 35. Bf2 {[%clk 0:00:18]} f5 {[%clk 0:00:46]} 36. gxf5
{[%clk 0:00:25]} gxf5 {[%clk 0:00:55]} 37. Bg3 {[%clk 0:00:33]} Kf7
{[%clk 0:00:59]} 38. Bd6 {[%clk 0:00:36]} Ke6 {[%clk 0:00:19]} 39. Bxb4
{[%clk 0:00:45]} Rxb4 {[%clk 0:00:16]} 40. Nd3 {[%clk 0:00:53]} Rc4
{[%clk 0:00:23]} 41. h4 {[%clk 0:00:48]} Kd6 {[%clk 0:00:21]} 42. h5
{[%clk 0:00:56]} Nf6 {[%clk 0:00:11]} 43. h6 {[%clk 0:01:04]} Rc7
{[%clk 0:00:17]} 44. Rb1 {[%clk 0:01:07]} Nd7 {[%clk 0:00:19]} 45. Rg1
{[%clk 0:01:13]} b5 {[%clk 0:00:14]} 46. Rg7 {[%clk 0:00:59]} Nf6
{[%clk 0:00:17]} 47. Rg5 {[%clk 0:01:08]} b4 {[%clk 0:00:13]} 48. Rxf5
{[%clk 0:01:16]} Ne8 {[%clk 0:00:17]} 49. Nf4 {[%clk 0:01:19]} b3
{[%clk 0:00:13]} 50. Rxd5+ {[%clk 0:01:28]} Ke7 {[%clk 0:00:20]} 51. Rxa5
{[%clk 0:01:18]} Rc2+ {[%clk 0:00:20]} 52. Kd3 {[%clk 0:01:20]} Nd6
{[%clk 0:00:13]} 53. Ra3 {[%clk 0:01:02]} Rb2 {[%clk 0:00:14]} 54. Kc3
{[%clk 0:01:01]} Rf2 {[%clk 0:00:18]} 55. Kxb3 {[%clk 0:01:04]} Rxf3
{[%clk 0:00:17]} 56. Kb4 {[%clk 0:01:10]} Nf7 {[%clk 0:00:18]} 57. Kc5
{[%clk 0:01:04]} Nxh6 {[%clk 0:00:22]} 58. Ra7+ {[%clk 0:01:12]} Ke8
{[%clk 0:00:12]} 59. Rxh7 {[%clk 0:01:08]} Nf5 {[%clk 0:00:19]} 60. Nd5
{[%clk 0:01:15]} Rg3 {[%clk 0:00:12]} 61. e4 {[%clk 0:01:07]} Ne3
{[%clk 0:00:15]} 62. Nxe3 {[%clk 0:01:15]} Rxe3 {[%clk 0:00:24]} 63. e5
{[%clk 0:01:24]} Rc3+ {[%clk 0:00:27]} 64. Kd6 {[%clk 0:01:33]} Ra3
{[%clk 0:00:31]} 65. e6 {[%clk 0:01:41]} Ra6+ {[%clk 0:00:37]} 66. Ke5
{[%clk 0:01:49]} Ra1 {[%clk 0:00:31]} 67. d5 {[%clk 0:01:58]} Ra2
{[%clk 0:00:34]} 68. Rc7 {[%clk 0:01:59]} Ra1 {[%clk 0:00:30]} 69. Kd6
{[%clk 0:02:07]} Ra6+ {[%clk 0:00:20]} 70. Rc6 {[%clk 0:02:15]} Ra8
{[%clk 0:00:30]} 71. e7 {[%clk 0:02:07]} Rb8 {[%clk 0:00:30]} 72. Kc7
{[%clk 0:02:08]} Ra8 {[%clk 0:00:37]} 73. d6 {[%clk 0:02:16]} Ra7+
{[%clk 0:00:19]} 74. Kb8 {[%clk 0:02:23]} Ra1 {[%clk 0:00:13]} 75. Rc8+
{[%clk 0:02:32]} 1-0

[Event "Team Championship (women rapid)"]
[Site "Sochi"]
[Date "2017.10.04"]
[Round "6.12"]
[White "Markelova, Lubov"]
[Black "Kovanova, Baira"]
[Result "0-1"]
[LiveChessVersion "1.4.8"]
[BlackElo "2361"]
[WhiteElo "2037"]

1. Nf3 {[%clk 0:15:19]} Nf6 {[%clk 0:15:18]} 2. c4 {[%clk 0:15:28]} e6
{[%clk 0:15:26]} 3. g3 {[%clk 0:15:34]} b6 {[%clk 0:15:08]} 4. Bg2
{[%clk 0:15:41]} Bb7 {[%clk 0:15:17]} 5. O-O {[%clk 0:15:46]} Be7
{[%clk 0:15:24]} 6. Nc3 {[%clk 0:15:54]} O-O {[%clk 0:15:27]} 7. Re1
{[%clk 0:15:55]} d5 {[%clk 0:14:54]} 8. cxd5 {[%clk 0:15:47]} Nxd5
{[%clk 0:14:23]} 9. e4 {[%clk 0:14:37]} Nxc3 {[%clk 0:13:43]} 10. bxc3
{[%clk 0:14:45]} c5 {[%clk 0:13:51]} 11. d4 {[%clk 0:14:07]} Nc6 {[%clk 0:13:33]}
12. d5 {[%clk 0:11:52]} exd5 {[%clk 0:13:33]} 13. exd5 {[%clk 0:11:43]} Na5
{[%clk 0:13:38]} 14. Ne5 {[%clk 0:11:09]} Bd6 {[%clk 0:12:23]} 15. Qg4
{[%clk 0:06:45]} Qc7 {[%clk 0:09:29]} 16. Nc4 {[%clk 0:03:56]} Nxc4
{[%clk 0:09:20]} 17. Qxc4 {[%clk 0:04:04]} a6 {[%clk 0:08:40]} 18. Be3
{[%clk 0:03:26]} b5 {[%clk 0:08:09]} 19. Qg4 {[%clk 0:03:33]} Bc8
{[%clk 0:07:27]} 20. Qh4 {[%clk 0:02:27]} Bf5 {[%clk 0:07:16]} 21. Bf4
{[%clk 0:00:37]} Rae8 {[%clk 0:07:10]} 22. Bxd6 {[%clk 0:00:41]} Qxd6
{[%clk 0:07:19]} 23. Qg5 {[%clk 0:00:39]} Bd3 {[%clk 0:06:53]} 24. Re3
{[%clk 0:00:37]} c4 {[%clk 0:05:09]} 25. Rae1 {[%clk 0:00:41]} h6
{[%clk 0:04:23]} 26. Qf4 {[%clk 0:00:24]} Rxe3 {[%clk 0:04:15]} 27. Qxe3
{[%clk 0:00:32]} Qa3 {[%clk 0:04:01]} 28. Qd4 {[%clk 0:00:20]} Rd8
{[%clk 0:02:31]} 29. d6 {[%clk 0:00:27]} Rxd6 {[%clk 0:01:28]} 30. Qa7
{[%clk 0:00:12]} Re6 {[%clk 0:01:21]} 31. Qa8+ {[%clk 0:00:13]} Kh7
{[%clk 0:01:06]} 32. Rd1 {[%clk 0:00:11]} Qxc3 {[%clk 0:01:10]} 33. h4
{[%clk 0:00:12]} Re1+ {[%clk 0:01:08]} 34. Rxe1 {[%clk 0:00:21]} Qxe1+
{[%clk 0:01:17]} 35. Kh2 {[%clk 0:00:29]} Qxf2 {[%clk 0:01:21]} 36. Qd5
{[%clk 0:00:20]} Bf1 {[%clk 0:01:13]} 37. Qe4+ {[%clk 0:00:19]} f5
{[%clk 0:01:18]} 0-1

[Event "Team Championship (women rapid)"]
[Site "Sochi"]
[Date "2017.10.04"]
[Round "7.1"]
[White "Strukova, Ksenia"]
[Black "Pogonina, Natalija"]
[Result "0-1"]
[LiveChessVersion "1.4.8"]
[BlackElo "2447"]
[WhiteElo "1824"]

1. e4 {[%clk 0:15:10]} e5 {[%clk 0:15:17]} 2. Nf3 {[%clk 0:15:19]} Nc6
{[%clk 0:15:25]} 3. Bc4 {[%clk 0:15:28]} Bc5 {[%clk 0:15:33]} 4. c3
{[%clk 0:15:36]} Nf6 {[%clk 0:15:40]} 5. d3 {[%clk 0:15:45]} d6 {[%clk 0:15:47]}
6. Nbd2 {[%clk 0:15:48]} a6 {[%clk 0:15:40]} 7. h3 {[%clk 0:15:53]} Ba7
{[%clk 0:15:30]} 8. Nf1 {[%clk 0:15:44]} Ne7 {[%clk 0:14:51]} 9. Bg5
{[%clk 0:14:34]} Ng6 {[%clk 0:14:44]} 10. Ng3 {[%clk 0:13:53]} Nf4
{[%clk 0:12:26]} 11. O-O {[%clk 0:13:05]} h6 {[%clk 0:11:44]} 12. Bxf4
{[%clk 0:12:00]} exf4 {[%clk 0:11:52]} 13. Ne2 {[%clk 0:10:58]} Nh5
{[%clk 0:08:32]} 14. a4 {[%clk 0:10:18]} O-O {[%clk 0:08:15]} 15. Qd2
{[%clk 0:07:49]} Qf6 {[%clk 0:07:52]} 16. Kh2 {[%clk 0:07:29]} Be6
{[%clk 0:07:26]} 17. Bxe6 {[%clk 0:06:51]} fxe6 {[%clk 0:07:33]} 18. d4
{[%clk 0:06:49]} Qg6 {[%clk 0:05:48]} 19. e5 {[%clk 0:06:35]} d5 {[%clk 0:05:28]}
20. Rad1 {[%clk 0:04:58]} c5 {[%clk 0:05:27]} 21. Qd3 {[%clk 0:04:52]} Qxd3
{[%clk 0:05:09]} 22. Rxd3 {[%clk 0:05:01]} Rac8 {[%clk 0:05:16]} 23. Rfd1
{[%clk 0:03:13]} g5 {[%clk 0:05:11]} 24. R1d2 {[%clk 0:01:35]} Ng7
{[%clk 0:05:12]} 25. dxc5 {[%clk 0:00:56]} Rxc5 {[%clk 0:05:10]} 26. Ned4
{[%clk 0:00:55]} Rfc8 {[%clk 0:05:03]} 27. Rd1 {[%clk 0:00:16]} Rc4
{[%clk 0:04:12]} 28. Ra1 {[%clk 0:00:25]} Kf7 {[%clk 0:04:16]} 29. Nd2
{[%clk 0:00:26]} R4c7 {[%clk 0:04:13]} 30. N2f3 {[%clk 0:00:30]} Kg6
{[%clk 0:03:26]} 31. g4 {[%clk 0:00:17]} fxg3+ {[%clk 0:03:09]} 32. fxg3
{[%clk 0:00:26]} Rf7 {[%clk 0:03:11]} 33. Kg2 {[%clk 0:00:23]} Nf5
{[%clk 0:02:52]} 34. g4 {[%clk 0:00:15]} Nxd4 {[%clk 0:02:55]} 35. Nxd4
{[%clk 0:00:14]} Bxd4 {[%clk 0:02:41]} 36. cxd4 {[%clk 0:00:17]} Rc2+
{[%clk 0:02:48]} 37. Kg1 {[%clk 0:00:23]} Rxb2 {[%clk 0:02:48]} 38. Rdd1
{[%clk 0:00:14]} Rff2 {[%clk 0:02:35]} 39. Rd3 {[%clk 0:00:15]} h5
{[%clk 0:02:25]} 40. gxh5+ {[%clk 0:00:12]} Kxh5 {[%clk 0:02:33]} 41. Rc1
{[%clk 0:00:21]} Rfd2 {[%clk 0:01:18]} 42. Rxd2 {[%clk 0:00:19]} Rxd2
{[%clk 0:01:26]} 43. Rc7 {[%clk 0:00:24]} Rxd4 {[%clk 0:01:31]} 44. Rxb7
{[%clk 0:00:21]} Re4 {[%clk 0:01:18]} 45. Rb6 {[%clk 0:00:26]} Rxe5
{[%clk 0:01:26]} 46. Rxa6 {[%clk 0:00:35]} Kh4 {[%clk 0:01:34]} 47. Kg2
{[%clk 0:00:39]} Re3 {[%clk 0:01:35]} 48. Ra8 {[%clk 0:00:44]} Rg3+
{[%clk 0:01:27]} 49. Kf2 {[%clk 0:00:52]} Kxh3 {[%clk 0:01:32]} 50. a5
{[%clk 0:00:54]} Ra3 {[%clk 0:01:32]} 51. a6 {[%clk 0:01:02]} Kg4
{[%clk 0:01:26]} 52. a7 {[%clk 0:01:08]} e5 {[%clk 0:01:27]} 53. Ke2
{[%clk 0:01:10]} d4 {[%clk 0:01:14]} 54. Kd2 {[%clk 0:01:10]} Kg3
{[%clk 0:01:03]} 55. Ke2 {[%clk 0:00:44]} g4 {[%clk 0:01:02]} 56. Kd2
{[%clk 0:00:43]} e4 {[%clk 0:01:11]} 57. Ke2 {[%clk 0:00:47]} Ra2+
{[%clk 0:01:17]} 58. Ke1 {[%clk 0:00:54]} e3 {[%clk 0:01:09]} 0-1

[Event "Team Championship (women rapid)"]
[Site "Sochi"]
[Date "2017.10.04"]
[Round "7.2"]
[White "Girya, Olga"]
[Black "Granovskaya, Ekaterina"]
[Result "1-0"]
[LiveChessVersion "1.4.8"]
[BlackElo "1722"]
[WhiteElo "2405"]

1. d4 {[%clk 0:15:19]} d5 {[%clk 0:15:18]} 2. c4 {[%clk 0:15:25]} e6
{[%clk 0:15:27]} 3. Nf3 {[%clk 0:15:34]} Nf6 {[%clk 0:15:34]} 4. Nc3
{[%clk 0:15:43]} Be7 {[%clk 0:15:39]} 5. Bf4 {[%clk 0:15:50]} Nbd7
{[%clk 0:15:23]} 6. e3 {[%clk 0:15:24]} O-O {[%clk 0:15:16]} 7. c5
{[%clk 0:15:28]} c6 {[%clk 0:14:57]} 8. Bd3 {[%clk 0:15:23]} b6 {[%clk 0:13:20]}
9. b4 {[%clk 0:15:31]} a5 {[%clk 0:13:28]} 10. a3 {[%clk 0:15:41]} Ba6
{[%clk 0:12:27]} 11. O-O {[%clk 0:15:47]} Ne8 {[%clk 0:11:02]} 12. Bxa6
{[%clk 0:10:44]} Rxa6 {[%clk 0:11:01]} 13. Qe2 {[%clk 0:10:53]} Ra8
{[%clk 0:10:15]} 14. Rfc1 {[%clk 0:10:01]} f6 {[%clk 0:07:58]} 15. b5
{[%clk 0:08:07]} bxc5 {[%clk 0:01:33]} 16. bxc6 {[%clk 0:08:16]} Nb8
{[%clk 0:01:41]} 17. Qb5 {[%clk 0:07:53]} Nd6 {[%clk 0:01:19]} 18. Bxd6
{[%clk 0:03:57]} Qxd6 {[%clk 0:01:26]} 19. Qb7 {[%clk 0:03:59]} Na6
{[%clk 0:01:29]} 20. Nb5 {[%clk 0:03:15]} Qd8 {[%clk 0:01:26]} 21. c7
{[%clk 0:03:02]} Qd7 {[%clk 0:00:53]} 22. c8=Q {[%clk 0:02:43]} Qxc8
{[%clk 0:00:39]} 23. Qxe7 {[%clk 0:02:51]} Qc6 {[%clk 0:00:30]} 24. Na7
{[%clk 0:01:25]} Qb6 {[%clk 0:00:15]} 25. Rab1 {[%clk 0:01:34]} Qxa7
{[%clk 0:00:21]} 26. Rb7 {[%clk 0:01:40]} 1-0

[Event "Team Championship (women rapid)"]
[Site "Sochi"]
[Date "2017.10.04"]
[Round "7.3"]
[White "Ilyina, Lada"]
[Black "Nechaeva, Marina"]
[Result "0-1"]
[LiveChessVersion "1.4.8"]
[BlackElo "2407"]
[WhiteElo "1804"]

1. e4 {[%clk 0:15:18]} c5 {[%clk 0:15:19]} 2. Nf3 {[%clk 0:15:27]} d6
{[%clk 0:15:28]} 3. Bb5+ {[%clk 0:15:35]} Nc6 {[%clk 0:15:37]} 4. Bxc6+
{[%clk 0:15:42]} bxc6 {[%clk 0:15:46]} 5. O-O {[%clk 0:15:49]} e5
{[%clk 0:15:45]} 6. d3 {[%clk 0:15:46]} Nf6 {[%clk 0:15:53]} 7. h3
{[%clk 0:15:11]} Be7 {[%clk 0:15:59]} 8. c3 {[%clk 0:15:12]} O-O {[%clk 0:16:05]}
9. Na3 {[%clk 0:15:17]} Re8 {[%clk 0:15:48]} 10. Re1 {[%clk 0:15:17]} Qc7
{[%clk 0:15:40]} 11. d4 {[%clk 0:15:08]} cxd4 {[%clk 0:15:43]} 12. cxd4
{[%clk 0:15:15]} exd4 {[%clk 0:15:52]} 13. Qxd4 {[%clk 0:15:08]} d5
{[%clk 0:12:52]} 14. exd5 {[%clk 0:14:04]} cxd5 {[%clk 0:13:01]} 15. Nb5
{[%clk 0:13:40]} Qb7 {[%clk 0:12:56]} 16. Nc3 {[%clk 0:13:35]} Be6
{[%clk 0:10:43]} 17. b3 {[%clk 0:12:06]} Rac8 {[%clk 0:07:14]} 18. Bb2
{[%clk 0:11:59]} h6 {[%clk 0:07:20]} 19. Rac1 {[%clk 0:11:38]} Red8
{[%clk 0:07:13]} 20. Na4 {[%clk 0:11:09]} Rxc1 {[%clk 0:06:09]} 21. Rxc1
{[%clk 0:11:13]} Bf5 {[%clk 0:06:13]} 22. Ne5 {[%clk 0:09:13]} Rc8
{[%clk 0:05:00]} 23. Rxc8+ {[%clk 0:08:49]} Bxc8 {[%clk 0:05:08]} 24. Nd3
{[%clk 0:08:15]} a6 {[%clk 0:04:55]} 25. Nac5 {[%clk 0:07:27]} Qc6
{[%clk 0:04:51]} 26. b4 {[%clk 0:05:30]} Bf8 {[%clk 0:04:07]} 27. Ne5
{[%clk 0:04:07]} Qd6 {[%clk 0:03:21]} 28. Qf4 {[%clk 0:03:41]} Qb6
{[%clk 0:02:34]} 29. Ned3 {[%clk 0:03:13]} Nd7 {[%clk 0:01:37]} 30. Bd4
{[%clk 0:02:37]} Qc6 {[%clk 0:01:36]} 31. Ne5 {[%clk 0:02:29]} Nxe5
{[%clk 0:01:42]} 32. Qxe5 {[%clk 0:02:36]} f6 {[%clk 0:01:35]} 33. Qe2
{[%clk 0:02:14]} Kf7 {[%clk 0:01:17]} 34. Qh5+ {[%clk 0:01:35]} g6
{[%clk 0:01:08]} 35. Qf3 {[%clk 0:01:36]} Be7 {[%clk 0:01:08]} 36. Qe3
{[%clk 0:01:35]} g5 {[%clk 0:01:07]} 37. g4 {[%clk 0:01:12]} Qb5 {[%clk 0:00:57]}
38. a3 {[%clk 0:00:33]} Qc4 {[%clk 0:00:57]} 39. Qc3 {[%clk 0:00:22]} Qe2
{[%clk 0:00:44]} 40. Qd3 {[%clk 0:00:14]} Qxd3 {[%clk 0:00:50]} 41. Nxd3
{[%clk 0:00:23]} Ke6 {[%clk 0:00:51]} 42. Kg2 {[%clk 0:00:24]} Kd7
{[%clk 0:00:51]} 43. f4 {[%clk 0:00:22]} Kc6 {[%clk 0:00:57]} 44. fxg5
{[%clk 0:00:18]} hxg5 {[%clk 0:01:05]} 45. a4 {[%clk 0:00:25]} f5
{[%clk 0:00:22]} 46. Kf3 {[%clk 0:00:21]} fxg4+ {[%clk 0:00:27]} 47. hxg4
{[%clk 0:00:30]} Kb7 {[%clk 0:00:22]} 48. Nc5+ {[%clk 0:00:24]} Kc7
{[%clk 0:00:28]} 49. Nd3 {[%clk 0:00:24]} Kb7 {[%clk 0:00:22]} 50. Nc5+
{[%clk 0:00:32]} Kc6 {[%clk 0:00:18]} 51. Nd3 {[%clk 0:00:40]} Kc7
{[%clk 0:00:19]} 52. Nc5 {[%clk 0:00:43]} Bd8 {[%clk 0:00:24]} 53. Nd3
{[%clk 0:00:31]} Kd6 {[%clk 0:00:31]} 54. Be5+ {[%clk 0:00:29]} Ke6
{[%clk 0:00:37]} 55. Bd4 {[%clk 0:00:37]} a5 {[%clk 0:00:25]} 56. b5
{[%clk 0:00:26]} Kd6 {[%clk 0:00:20]} 57. Bc5+ {[%clk 0:00:31]} Kc7
{[%clk 0:00:27]} 58. Bd4 {[%clk 0:00:18]} Be6 {[%clk 0:00:28]} 59. Nc5
{[%clk 0:00:21]} Bf7 {[%clk 0:00:37]} 60. Na6+ {[%clk 0:00:14]} Kc8
{[%clk 0:00:31]} 61. Nc5 {[%clk 0:00:14]} Bg6 {[%clk 0:00:35]} 62. Bc3
{[%clk 0:00:12]} Bc2 {[%clk 0:00:39]} 63. Ne6 {[%clk 0:00:14]} Bb6
{[%clk 0:00:34]} 64. Nxg5 {[%clk 0:00:14]} Bxa4 {[%clk 0:00:43]} 65. Nf7
{[%clk 0:00:20]} Kd7 {[%clk 0:00:45]} 66. g5 {[%clk 0:00:16]} d4 {[%clk 0:00:32]}
67. Bb2 {[%clk 0:00:15]} Bxb5 {[%clk 0:00:31]} 68. Ke4 {[%clk 0:00:17]} Bc6+
{[%clk 0:00:36]} 69. Kd3 {[%clk 0:00:20]} Ke6 {[%clk 0:00:40]} 70. g6
{[%clk 0:00:18]} Bb5+ {[%clk 0:00:41]} 71. Ke4 {[%clk 0:00:17]} Bc6+
{[%clk 0:00:16]} 72. Kd3 {[%clk 0:00:26]} Bb5+ {[%clk 0:00:15]} 73. Ke4
{[%clk 0:00:34]} d3 {[%clk 0:00:21]} 74. Ng5+ {[%clk 0:00:32]} Kd7
{[%clk 0:00:23]} 75. g7 {[%clk 0:00:22]} d2 {[%clk 0:00:23]} 76. g8=Q
{[%clk 0:00:25]} d1=Q {[%clk 0:00:32]} 77. Qe6+ {[%clk 0:00:23]} Kc7
{[%clk 0:00:35]} 78. Be5+ {[%clk 0:00:23]} Kb7 {[%clk 0:00:41]} 79. Qd5+
{[%clk 0:00:24]} Bc6 {[%clk 0:00:49]} 0-1